O and M in local government (Record no. 409321)

000 -LEADER
fixed length control field 00367cam a22001337a 4500
008 - FIXED-LENGTH DATA ELEMENTS--GENERAL INFORMATION
fixed length control field 180718b1969 xxu||||| |||| 00| 0 eng d
082 ## - DEWEY DECIMAL CLASSIFICATION NUMBER
Classification number I513084 Sh56
100 ## - MAIN ENTRY--PERSONAL NAME
Personal name Sherman,T.P.
245 ## - TITLE STATEMENT
Title O and M in local government
Statement of responsibility, etc. By T.P. Sherman
260 ## - PUBLICATION, DISTRIBUTION, ETC.
Place of publication, distribution, etc. Oxford
Name of publisher, distributor, etc. Pergamon
Date of publication, distribution, etc. 1969
300 ## - PHYSICAL DESCRIPTION
Extent ix,264p
650 ## - SUBJECT ADDED ENTRY--TOPICAL TERM
Topical term or geographic name entry element Management
650 ## - SUBJECT ADDED ENTRY--TOPICAL TERM
Topical term or geographic name entry element Local government - Great Britain
Holdings
Withdrawn status Lost status Damaged status Not for loan Permanent Location Current Location Date acquired Full call number Barcode Date last seen Price effective from Koha item type
        Indian Institute of Public Administration Indian Institute of Public Administration 2009-01-02 I513084 Sh56 DA1800 2018-07-21 2018-07-21 DA
        Indian Institute of Public Administration Indian Institute of Public Administration 2009-01-02 I513084 Sh56 DA1799 2018-07-21 2018-07-21 DA

Powered by Koha